First Person Of India Who Created HIstory / (Record no. 189501)

MARC details
000 -LEADER
fixed length control field 00654nam a22001937a 4500
005 - DATE AND TIME OF LATEST TRANSACTION
control field 20221110130928.0
010 ## - LCCN (DPL NO)
LC control number B-745464
020 ## - INTERNATIONAL STANDARD BOOK NUMBER
International Standard Book Number 9789384926311
Terms of availability 595.00
035 ## - SYSTEM CONTROL NUMBER
System control number B-745464
037 ## - SOURCE OF ACQUISITION
Source of stock number/acquisition Prudence Publisher
100 ## - MAIN ENTRY--PERSONAL NAME
Personal name Pathak, Ashwani
245 ## - TITLE STATEMENT
Title First Person Of India Who Created HIstory /
Statement of responsibility, etc By Ashwani Pathak
250 ## - EDITION STATEMENT
Edition statement 1st
260 ## - PUBLICATION, DISTRIBUTION, ETC. (IMPRINT)
Place of publication, distribution, etc Delhi
Name of publisher, distributor, etc Prudence Publisher
Date of publication, distribution, etc 2021
270 ## - ADDRESS
Address 518/6B ,2st Floor, Karkari Road Vishwas Nagar , Shahdara
City Delhi
Postal code 110032
300 ## - PHYSICAL DESCRIPTION
Extent 240p.
Other physical details ill.
Dimensions 22cm(Hbk)
942 ## - ADDED ENTRY ELEMENTS (KOHA)
Source of classification or shelving scheme Dewey Decimal Classification
Item type English Books
Call number suffix PAT
Classification part 920
Holdings
Withdrawn status Lost status Not for loan Collection code Home library Current library Date acquired Source of acquisition Cost, normal purchase price Full call number Barcode Copy number Cost, replacement price Koha item type Public note
      Non-fiction Central Library Central Library 07/09/2022 07.09.22/ Gift 595.00 920 PAT B-745464 1 595.00 English Books Gift

© Delhi Public Library
Hit Counter
free hit counter